• 首页
  • 本馆介绍
  • 公告通知
  • 最新文献
  • 馆藏检索
  • 电子资源
  • 读者导购
  • 参考咨询
  • 我的图书馆
  • 登录
  • 详细信息显示
  • 放入我的书架
  • 预约/预借图书
  • 作者相关作品
  • 分类相关作品
  • 丛书相关作品
  • 出版社相关作品

书目信息

  • 表格格式
  • 工作单格式
  • 卡片格式
题名:
科技资源市场配置理论与实证研究
    
 
作者: 戚湧 著
分册:  
出版信息: 北京   科学出版社  2018.07
页数: 232页
开本: 24cm
丛书名: 管理科学与工程系列丛书
单 册:
中图分类: G311
科图分类:
主题词: 科学技术--ke xue ji shu--资源管理--市场配置--研究
电子资源:
ISBN: 978-7-03-050566-8
000 01339nam 2200277 450
001 2271522196
005 20220916195222.31
010    @a978-7-03-050566-8@dCNY120.00
092    @aCN@bRt870-0711
100    @a20190312d2018 em y0chiy50 ea
101 0  @achi
102    @aCN@b110000
105    @aak a 000yy
200 1  @a科技资源市场配置理论与实证研究@Ake ji zi yuan shi chang pei zhi li lun yu shi zheng yan jiu@f戚湧著
210    @a北京@c科学出版社@d2018.07
215    @a232页@c图@d24cm
225 2  @a管理科学与工程系列丛书@Aguan li ke xue yu gong cheng xi lie cong shu
300    @a国家自然科学基金资助
320    @a有书目 (第223-232页)
330    @a本书从科技资源分类和特点、计划配置与市场配置的认识出发, 开展公共物品理论、新制度经济学理论、博弈理论和系统理论等相关理论研究, 探究科技资源市场配置的模式和机制, 开展科技资源市场配置国内外现状分析, 进行我国科技资源市场配置实证研究, 围绕科技成果资源、科技条件资源、科技人才资源、科技信息资源和科技投入资源五类科技资源开展理论与实证研究, 进行科技资源市场配置规制研究, 在此基础上提出我国科技资源市场配置的模式和机制, 指出优化我国科技资源市场配置的路径。
410  0 @12001 @a管理科学与工程系列丛书
606 0  @a科学技术@Ake xue ji shu@x资源管理@x市场配置@x研究
690    @aG311@v5
701  0 @a戚湧@Aqi yong@4著
801  0 @aCN@b人天书店@c20190312
905    @aZUCC@dG311@e10
    
    科技资源市场配置理论与实证研究/戚湧著.-北京:科学出版社,2018.07
    232页:图;24cm.-(管理科学与工程系列丛书)
    国家自然科学基金资助
    
    ISBN 978-7-03-050566-8:CNY120.00
    本书从科技资源分类和特点、计划配置与市场配置的认识出发, 开展公共物品理论、新制度经济学理论、博弈理论和系统理论等相关理论研究, 探究科技资源市场配置的模式和机制, 开展科技资源市场配置国内外现状分析, 进行我国科技资源市场配置实证研究, 围绕科技成果资源、科技条件资源、科技人才资源、科技信息资源和科技投入资源五类科技资源开展理论与实证研究, 进行科技资源市场配置规制研究, 在此基础上提出我国科技资源市场配置的模式和机制, 指出优化我国科技资源市场配置的路径。
●
相关链接 在五车中查询图书 在当当中查询图书 在豆瓣中查询图书


正题名:科技资源市场配置理论与实证研究     索取号:G311/10         预约/预借

序号 登录号 条形码 馆藏地/架位号 状态 备注
1 2000895246   2000895246   第三书库/ [索取号:G311/10] 在馆    
2 2000895247   2000895247   第三书库/ [索取号:G311/10] 在馆    
3 2000895248   2000895248   第三书库/ [索取号:G311/10] 在馆    
山东省滨州职业学院图书馆 欢迎您!
大连网信软件有限公司© 版权所有